El salón de los encuentros (Record no. 188874)
[ view plain ]
| 000 -LEADER | |
|---|---|
| campo de control de longitud fija | 01188nam a2200289 i 4500 |
| 001 - NÚMERO DE CONTROL | |
| campo de control | 188874 |
| 003 - IDENTIFICADOR DE NÚMERO DE CONTROL | |
| campo de control | SpMaBN |
| 005 - FECHA Y HORA DE LA ÚLTIMA TRANSACCIÓN | |
| campo de control | 20250720061258.0 |
| 008 - DATOS DE LONGITUD FIJA--INFORMACIÓN GENERAL | |
| campo de control de longitud fija | 190219s2016 sp cf |||| | spa d |
| 020 ## - NÚMERO INTERNACIONAL ESTÁNDAR DEL LIBRO | |
| Número Internacional Estándar del Libro | 978-84-7209-688-2 |
| 080 ## - NÚMERO DE LA CLASIFICACIÓN DECIMAL UNIVERSAL | |
| Número de la Clasificación Decimal Universal | 32(460)"18/20" |
| 100 1# - ENTRADA PRINCIPAL--NOMBRE DE PERSONA | |
| Nombre de persona | Gortázar, Guillermo, |
| Fechas asociadas al nombre | 1951- |
| 9 (RLIN) | 176485 |
| 245 13 - MENCIÓN DEL TÍTULO | |
| Título | El salón de los encuentros |
| Resto del título | : una contribución al debate político del siglo XXI / |
| Mención de responsabilidad, etc. | Guillermo Gortázar. |
| 260 ## - PUBLICACIÓN, DISTRIBUCIÓN, ETC. | |
| Lugar de publicación, distribución, etc. | Madrid : |
| Nombre del editor, distribuidor, etc. | Unión Editorial, |
| Fecha de publicación, distribución, etc. | 2016. |
| 300 ## - DESCRIPCIÓN FÍSICA | |
| Extensión | 188 p., [16] p. de lám. col. : |
| Otras características físicas | 1 retr. ; |
| Dimensiones | 24 cm. |
| 490 1# - MENCIÓN DE SERIE | |
| Mención de serie | Colección la antorcha |
| 500 ## - NOTA GENERAL | |
| Nota general | Índice onomástico. |
| 504 ## - NOTA DE BIBLIOGRAFÍA, ETC. | |
| Nota de bibliografía, etc. | Bibliografía: p. 171-181. |
| 651 #7 - PUNTO DE ACCESO ADICIONAL DE MATERIA--NOMBRE GEOGRÁFICO | |
| Nombre geográfico | España- |
| Subdivisión general | Política y gobierno- |
| Subdivisión cronológica | S.XIX |
| Fuente del encabezamiento o término | |
| 9 (RLIN) | 161744 |
| 651 ## - PUNTO DE ACCESO ADICIONAL DE MATERIA--NOMBRE GEOGRÁFICO | |
| Nombre geográfico | España- |
| Subdivisión general | Política y gobierno- |
| Subdivisión cronológica | S.XX. |
| 9 (RLIN) | 145878 |
| 830 0# - PUNTO DE ACCESO ADICIONAL DE SERIE-TÍTULO UNIFORME | |
| Título uniforme | Colección la antorcha |
| 9 (RLIN) | 176486 |
| 852 ## - LOCALIZACIÓN | |
| Ubicación | ES-MaACL |
| Número de control de estantería | A-14375 |
| Nota libre | Enc. cart. |
| itemnumber | 196008 |
| Sublocalización o colección | R.151699 |
| Ubicación en estantería | Depósito 1 |
| Signatura antigua | Olim: N-7375 |
| Anotaciones manuscritas | Dedicatoria autógrafa del autor |
| Donativo/Legado | Donación: Guillermo Gortazar |
| Encuadernación | Encuadernación en cartoné |
| 903 ## - NOMBRE PERSONAL DE DONANTE | |
| a | Gortázar, Guillermo, |
| d | 1951- |
| e | Donante |
| 9 | 176485 |
| 942 ## - ELEMENTOS DE ENTRADA SECUNDARIOS (KOHA) | |
| Fuente del sistema de clasificación o colocación | Clasificación decimal universal |
| Tipo de ítem Koha | Libro impreso |
| Estatus retirado | Estado de pérdida | Fuente del sistema de clasificación o colocación | Estado de daño | No para préstamo | Colección | Biblioteca de origen | Biblioteca actual | Ubicación en estantería | Fecha de adquisición | Fuente de adquisición | Total de préstamos | Signatura topográfica completa | Código de barras | Visto por última vez | Precio de reemplazo | Tipo de ítem Koha | Nota pública |
|---|---|---|---|---|---|---|---|---|---|---|---|---|---|---|---|---|---|
| Clasificación decimal universal | Libros con dedicatorias | Biblioteca del Ateneo de Madrid | Biblioteca del Ateneo de Madrid | Depósito 1 | 19/02/2019 | Donación | A-14375 | 1200010 | 23/02/2023 | 23/02/2023 | Libro impreso | Dedicatoria autógrafa del autor |
